[Event "Koltsovo op"]
[Site "Koltsovo"]
[Date "2014.06.29"]
[Round "2"]
[White "Furmanov, Ivan"]
[Black "Kuklin, Ilya"]
[Result "1/2-1/2"]
[WhiteElo "1719"]
[BlackElo "1826"]
[PlyCount "98"]
[EventDate "2014.06.28"]
[EventType "swiss"]
[EventRounds "9"]
[EventCountry "RUS"]
[SourceTitle "CBM 161 Extra"]
[Source "ChessBase"]
[SourceDate "2014.08.29"]
[SourceVersion "1"]
[SourceVersionDate "2014.08.29"]
[SourceQuality "1"]

1. e4 c5 2. Nf3 e6 3. d4 cxd4 4. Nxd4 a6 5. Nc3 Qc7 6. Be2 b5 7. a3 Bb7 8. 0-0 Nf6 9. Bf3 d6 10. Re1 Nbd7 11. Bg5 h6 12. Bxf6 Nxf6 13. e5 Nd7 14. exd6 Bxd6 15. Bxb7 Qxb7 16. Nxe6 Be5 17. Nxg7+ Kf8 18. Nf5 Rg8 19. g3 Rg6 20. Qd3 Bf4 21. Qe4 Qxe4 22. Rxe4 Be5 23. Rd1 Bxc3 24. bxc3 Nc5 25. Red4 Re8 26. Rd5 Na4 27. Rd6 Nxc3 28. R1d3 Ne2+ 29. Kf1 Nc1 30. Rd1 Na2 31. Rxg6 fxg6 32. Nxh6 Rc8 33. Rd6 Kg7 34. Ng4 Rxc2 35. Rxa6 Rc5 36. Ke2 Nc3+ 37. Kd3 Na4 38. Ra7+ Kf8 39. f4 Rc3+ 40. Kd4 Rxa3 41. Ne5 b4 42. Rb7 b3 43. Nc4 Ra2 44. Rxb3 Rxh2 45. Rb4 Rg2 46. Rxa4 Rxg3 47. Ra3 Rg4 48. Ke5 g5 49. Ra8+ Kg7 1/2-1/2

[Event "Koltsovo op"]
[Site "Koltsovo"]
[Date "2014.06.28"]
[Round "1"]
[White "Kolychev, Maxim"]
[Black "Furmanov, Ivan"]
[Result "1-0"]
[WhiteElo "1975"]
[BlackElo "1719"]
[PlyCount "115"]
[EventDate "2014.06.28"]
[EventType "swiss"]
[EventRounds "9"]
[EventCountry "RUS"]
[SourceTitle "CBM 161 Extra"]
[Source "ChessBase"]
[SourceDate "2014.08.29"]
[SourceVersion "1"]
[SourceVersionDate "2014.08.29"]
[SourceQuality "1"]

1. d4 d5 2. Nf3 Nc6 3. e3 Bg4 4. c4 e5 5. dxe5 Nxe5 6. cxd5 Nf6 7. Qa4+ Qd7 8. Qxd7+ Nexd7 9. Nc3 Bb4 10. Bd2 0-0 11. 0-0-0 Nb6 12. h3 Bf5 13. Nd4 Bg6 14. f3 Nfxd5 15. Nxd5 Bxd2+ 16. Rxd2 Nxd5 17. e4 Nb6 18. h4 f6 19. Ne6 Rfc8 20. h5 Bf7 21. Nc5 Rd8 22. b3 Rxd2 23. Kxd2 Rd8+ 24. Kc2 f5 25. Nxb7 Rd4 26. exf5 Rd5 27. Bd3 Nd7 28. Be4 Rb5 29. Bc6 Rb6 30. Bxd7 Rxb7 31. Be6 Rb5 32. Re1 Kf8 33. g4 g6 34. hxg6 hxg6 35. fxg6 Bxg6+ 36. Kc3 Rc5+ 37. Kd4 Rc2 38. a4 c5+ 39. Ke5 Rc3 40. f4 Bf7 41. g5 Bxe6 42. Kxe6 Rxb3 43. f5 c4 44. Rd1 Rb6+ 45. Ke5 c3 46. Rd8+ Ke7 47. Rc8 Ra6 48. Rxc3 Ra5+ 49. Ke4 Rxa4+ 50. Ke5 Ra5+ 51. Ke4 Ra4+ 52. Kd5 Rg4 53. Rc7+ Ke8 54. g6 a5 55. Ke6 a4 56. Kf6 Kd8 57. Ra7 Ke8 58. g7 1-0